| 000 | 01297cam a2200337 a 4500 | ||
|---|---|---|---|
| 001 | 2534 | ||
| 005 | 20250826092109.0 | ||
| 020 | _a9780545346405 | ||
| 040 |
_aDLC _cDLC _dIG# _dBTCTA _dQBX _dYDXCP _dXY4 _dDLC _beng |
||
| 050 | 0 | 0 | _aQL696.S473 |
| 082 | 0 | 0 | _a598.47 |
| 100 | 1 | _aMarzollo, Jean | |
| 245 | 1 | 0 |
_aPierre the penguin : _bA true story / _cWritten by Jean Marzollo ; illustrated by Laura Regan |
| 250 | _aThis edition first printing, October 2011 | ||
| 260 |
_aNew York : _bScholastic, _c2011 |
||
| 300 |
_a29 unnumbered pages : _bcolor illustrations ; _c24 cm |
||
| 505 | _aK | ||
| 520 | _aRhyming text and colorful illustrations describe the efforts of aquatic biologist Pam to help Pierre, an African penguin living at the California Academy of Sciences, when he begins to go bald. | ||
| 521 |
_a510 AD
_bLexile |
||
| 521 |
_aK
_bRaz-Plus |
||
| 650 | 0 |
_aJackass penguin _xHealth _vJuvenile literature. |
|
| 650 | 0 |
_aFeathers _xDiseases _vJuvenile literature. |
|
| 650 | 0 |
_aBathing suits _vJuvenile literature. |
|
| 650 | 1 |
_aAfrican penguins _xHealth. |
|
| 650 | 1 |
_aPenguins _xHealth. |
|
| 650 | 1 |
_aFeathers _xDiseases. |
|
| 650 | 1 | _aBathing suits. | |
| 700 | 1 |
_aRegan, Laura _eillustrator |
|
| 906 |
_a7 _bcbc _corignew _d1 _eecip _f20 _gy-gencatlg |
||
| 942 |
_2ddc _cBK _n0 |
||
| 999 |
_c2534 _d2534 |
||